| 000 | 00430cam a2200169ua 4500 | ||
|---|---|---|---|
| 020 | _c5.00 | ||
| 041 |
_aeng _h |
||
| 082 |
_a320.58 G _bGAN/NON |
||
| 100 | _aGandhi, M.K . | ||
| 245 |
_aNon-Violence in peace and war, vol 2 / _cM.K.Gandhi. _hTextual Documents |
||
| 260 |
_aAhmadabad : _bNavajivan publishing house , _c1960. |
||
| 300 | _a393 ; . | ||
| 365 | _a5.00 | ||
| 504 | _a | ||
| 942 | _cBK | ||
| 999 |
_c1142 _d1142 |
||